Minecraft Loot: Stronghold Crossing - Statistics

General Stats
  • This quiz has been taken 5 times
  • The average score is 7 of 8
Answer Stats
Pool Item Stack Size Weight % Correct
Pool 1(1-4) Gold Ingot 1-3 8.1%
100%
Pool 1(1-4) Iron Ingot 1-5 16%
100%
Pool 1(1-4) Redstone Dust 4-9 8.1%
100%
Pool 1(1-4) Apple 1-3 24%
75%
Pool 1(1-4) Bread 1-3 24%
75%
Pool 1(1-4) Coal 3-8 16%
75%
Pool 1(1-4) Iron Pickaxe 1 1.6%
75%
Pool 1(1-4) Enchanted Book 1 1.6%
50%
No matching quizzes found
Score Distribution
Percent of People with Each Score
Percentile by Number Answered
Your Score History
You have not taken this quiz